Responses for Show #6303 - Wednesday, February 1, 2012

2012 College Championship quarterfinal game 1.

Contestants

[<< previous game]

Carrie Tian, a freshman at Harvard from Greenville, South Carolina

Charlie Rooney, a sophomore at Loyola University Chicago from Minneapolis, Minnesota

Weston Mangin, a freshman at Cal Poly San Luis Obispo from Arroyo Grande, California

[next game >>]

Jeopardy! Round responses

J.J. ABRAMS, BUSY MAN
ALSO A GAME
"F" IN SCIENCE
NAME THAT CARMAKER
FAMILIAR EXPRESSIONS
CHILDREN'S BOOKS
    $200 19
Star Trek

Carrie
    $200 20
a twister

Charlie
    $200 1
femur

Carrie
    $200 3
Honda

Weston
    $200 30
carry a big stick

Charlie
    $200 2
Laura Ingalls Wilder

Charlie
    $400 18
Ghost Protocol

Charlie
    $400 21
a battleship

Charlie
    $400 4
fructose

Carrie
    $400 12
Toyota

Weston
    $400 14
Murphy

Charlie
    $400 5
Judy Blume

Carrie
    $600 15
Lost

Charlie
    $600 22
Othello

Weston
    $600 9
frequency

Carrie
    $600 13
Mazda

Charlie
    $600 27
He's Just Not That into You

Charlie
    $1,000 6
A Wrinkle in Time

Carrie
    $800 16
Alias

Charlie
    $800 23
cranium

Weston
    $800 10
fiber optics

Weston
    $800 25
Volkswagen

Weston
    $800 28
the fat lady

Charlie
    $800 7
The Polar Express

Weston
    $1000 17
Super 8

Charlie
    $1000 24
tag

Triple Stumper
    $1000 11
(Weston: Give me--er, what is [*]?)
(Alex: Give you [*], that's the correct response.)
(Weston: [Waving his hand] Don't give me [*]!)

formaldehyde

Weston
    $1000 26
Ford

Weston
    $1000 29
an island

Charlie
    $1000 8
The Wizard of Oz

Weston

Scores at the first commercial break (after clue 14):

Weston Charlie Carrie
$4,200 $1,200 $2,600

Scores at the end of the Jeopardy! Round:

Weston Charlie Carrie
$7,400 $7,200 $2,800

Double Jeopardy! Round responses

FOOD FIGHT!
I MARRIED A SINGER
IT'S A WATERY WORLD
AFRICAN AMERICANS
MYTHOLOGY
12-LETTER WORDS
    $400 1
France

Carrie
    $400 3
(Carrie: Who is Avril Lavigne?)

Gwen Stefani

Carrie
Triple Stumper
    $400 4
(Charlie: What is Lake Erie?)

Lake Ontario

CharlieCarrie
    $400 23
NASA

Charlie
    $400 9
Prometheus

Charlie
    $400 21
a surveillance

Weston
    $800 2
bamboo

Charlie
    $800 27
Nick Lachey

Charlie
    $800 5
the Adriatic

Charlie
    $800 17
Herman Cain

Weston
    $800 10
Achilles

Weston
    $800 22
(Weston: What is hydrocortisone?)
(Charlie: What is moisturizer?)
...
(Alex: We threw you a "zing"er there, I think, Charlie.)

moisturizing

WestonCharlie
Triple Stumper
    $1200 14
(Carrie: What is Greece?)

Israel

WestonCarrie
    $1200 28
Faith Hill

Carrie
    $1200 6
the Mekong

Weston
    $1200 18
Tyler Perry

Weston
    $2,000 11
Pegasus

Weston
    $1200 26
intervention

Weston
    $4,800 15
the Geneva Convention

Weston
    $1600 29
(Alex: I'm not sure [*] would enjoy being called a country cutie.)

Brad Paisley

Triple Stumper
    $1600 7
the Tasman Sea

Weston
    $1600 19
Ralph Ellison

Carrie
    $1600 12
Athena

Weston
    $1600 24
sharpshooter

Charlie
    $2000 16
scorched earth

Charlie
    $2000 30
(Charlie: Who is Dolly Parton?)

LeAnn Rimes

Charlie
Triple Stumper
    $2000 8
the Mozambique Channel (the Channel of Mozambique accepted)

Weston
    $2000 20
Matthew Henson

Triple Stumper
    $2000 13
the Hesperides

Weston
    $2000 25
steeplechase

Weston

Scores at the end of the Double Jeopardy! Round:

Weston Charlie Carrie
$29,400 $10,800 $4,800
(lock game)

Final Jeopardy! Round responses

WORD ORIGINS
CarrieWhat is an almanac?
$4,799
CharlieWhat is an almanac
$10,799
WestonWhat is a Library?
$600
magazine

Final scores:

Weston Charlie Carrie
$28,800 $1 $1
Automatic semifinalist 2nd place: $5,000 if eliminated 3rd place: $5,000 if eliminated

Game dynamics:

Coryat scores:

Weston Charlie Carrie
$25,400 $10,800 $4,400
24 R
(including 2 DDs),
1 W
20 R,
3 W
10 R
(including 1 DD),
2 W

Combined Coryat: $40,600

[game clues] [game scores] [suggest correction]

Game tape date: 2012-01-05
The J! Archive is created by fans, for fans. Scraping, republication, monetization, and malicious use prohibited; this site may use cookies and collect identifying information. See terms. The Jeopardy! game show and all elements thereof, including but not limited to copyright and trademark thereto, are the property of Jeopardy Productions, Inc. and are protected under law. This website is not affiliated with, sponsored by, or operated by Jeopardy Productions, Inc. Join the discussion at JBoard.tv.